000 00763nam a22002297a 4500
003 UA-OsUOA
001 49915
007 ta
008 20140505b un ||||| |||| 00| 0 ukr d
090 _a82-6
_bЛ63
942 _cBK
040 _aUA-OsUOA
_bukr
_cUA-OsUOA
_dUA-OsUOA
245 _aЛистування В. Липинського
_bТ. 1 (А-Ж)
_cред. Я. Пеленський, Р. Залуцький, Х. Пеленська
300 _a960 с.
955 _a1
041 _aukr
080 _a82-6
260 _aК.
_bСмолоскип
_c2003
650 7 _a82 Література. Літературознавство
_2UDC
999 _c430039
_d430039